| 000 | 00781cam a2200313 4500 | ||
|---|---|---|---|
| 008 | 090401t1990 xxu||||| |||| 00| 0 eng d | ||
| 020 | _a0632028270 | ||
| 035 | _a(Sirsi) u72772 | ||
| 041 | _aeng | ||
| 050 | _a658.99 | ||
| 100 | _aFryer, Barry | ||
| 245 | 4 | _aThe practice of construction management | |
| 250 | _a2nd ed. | ||
| 260 |
_aOxford _bBSP Professional Books _c1990 |
||
| 300 | _a293p. ; 24cm. | ||
| 350 | _a12.95 | ||
| 650 | _aBUILDING INDUSTRY | ||
| 650 | _aCOMMUNICATION | ||
| 650 |
_aHEALTH AND SAFETY _96244 |
||
| 650 | _aHUMAN RELATIONS | ||
| 650 | _aINDUSTRIAL RELATIONS | ||
| 650 | _aLEADERSHIP | ||
| 650 | _aMANAGEMENT | ||
| 650 | _aMANPOWER PLANNING | ||
| 650 | _aMOTIVATION | ||
| 650 | _aTEAMWORK | ||
| 942 | _n0 | ||
| 948 | _c04/03/1997 | ||
| 999 |
_c95529 _d95529 |
||